Culture Générale - Série 1338 - Statistiques

Statistiques générales
  • Ce quiz a été pris 84 fois
  • Le résultat moyen est 5 sur 10
Statistiques - réponses
Question Réponse % Correct
Quel sport olympique, qui se pratique sur glace ou sur gazon, se joue avec une crosse ? hockey
94%
D'après le proverbe, quels artisans "sont toujours les plus mal chaussés" ? cordonniers
92%
Quel État des États-Unis tire son nom d'un hommage rendu par Cavelier de La Salle à Louis XIV ? Louisiane
85%
De quelle origine est la chanteuse Linda De Suza ? portugaise
78%
En 1996, de quel pays européen Emil Constantinescu remporte-t-il les élections présidentielles ? Roumanie
76%
Dans quel département se trouve la commune de Laguiole ? Aveyron
48%
Quelle joueuse de tennis argentine, prénommée Gabriela, a remporté l'US Open, en 1990 ? Gabriela Sabatini
32%
Dans le dessin animé "Les Chevaliers du zodiaque", de quelle déesse Saori est-elle la réincarnation ? Athéna
24%
Comment est “Le Clavier” dans l'oeuvre composée par Jean-Sébastien Bach, en 1722 ? bien tempéré
8%
Pour quel ouvrage Maurice Genevoix a-t-il obtenu le prix Goncourt en 1925 ? Raboliot
6%
Aucun quiz correspondant
Distribution des résultats
% des personnes avec chaque résultat
Percentile par nombre de réponses
Votre historique - résultats
Vous n’avez pas pris ce quiz